Kulturang popular : (Record no. 82289)
[ view plain ]
| 000 -LEADER | |
|---|---|
| fixed length control field | 00996nam a22003017a 4500 |
| 001 - CONTROL NUMBER | |
| control field | 9786210800388 |
| 003 - CONTROL NUMBER IDENTIFIER | |
| control field | URS |
| 005 - DATE AND TIME OF LATEST TRANSACTION | |
| control field | 20250321011146.0 |
| 008 - FIXED-LENGTH DATA ELEMENTS--GENERAL INFORMATION | |
| fixed length control field | 250213b |||||||| |||| 00| 0 eng d |
| 020 ## - INTERNATIONAL STANDARD BOOK NUMBER | |
| International Standard Book Number | 9786210800388 |
| 040 ## - CATALOGING SOURCE | |
| Language of cataloging | eng |
| Transcribing agency | URS |
| Modifying agency | URS |
| Description conventions | rda |
| Original cataloging agency | DLC |
| 050 ## - LIBRARY OF CONGRESS CALL NUMBER | |
| Classification number | DS 663 |
| Item number | B4564 2023 |
| 082 ## - DEWEY DECIMAL CLASSIFICATION NUMBER | |
| Edition number | 306.47 |
| Item number | B4564 2023 |
| 100 1# - MAIN ENTRY--PERSONAL NAME | |
| Personal name | Bernales, Rolando A., |
| Relator term | author |
| 245 14 - TITLE STATEMENT | |
| Title | Kulturang popular : |
| Remainder of title | pagbasa, pagsusuri at paglikha / |
| Statement of responsibility, etc. | Rolando A. Bernales, Jonathan V. Geronimo, Jenice G. Orpeza. |
| 264 #1 - PRODUCTION, PUBLICATION, DISTRIBUTION, MANUFACTURE, AND COPYRIGHT NOTICE | |
| Place of production, publication, distribution, manufacture | Malabon City |
| Name of producer, publisher, distributor, manufacturer | Mutya Publishing House, Inc |
| Date of production, publication, distribution, manufacture, or copyright notice | 2023 |
| 264 #4 - PRODUCTION, PUBLICATION, DISTRIBUTION, MANUFACTURE, AND COPYRIGHT NOTICE | |
| Date of production, publication, distribution, manufacture, or copyright notice | ©2023 |
| 300 ## - PHYSICAL DESCRIPTION | |
| Extent | 132 pages |
| Dimensions | 24 cm. |
| 336 ## - CONTENT TYPE | |
| Source | rdacontent |
| Content type term | text |
| 337 ## - MEDIA TYPE | |
| Source | rdamedia |
| Media type term | unmediated |
| 338 ## - CARRIER TYPE | |
| Source | rdacarrier |
| Carrier type term | volume |
| 650 #0 - SUBJECT ADDED ENTRY--TOPICAL TERM | |
| Topical term or geographic name entry element | Popular culture |
| Geographic subdivision | Philippines. |
| 650 #0 - SUBJECT ADDED ENTRY--TOPICAL TERM | |
| Topical term or geographic name entry element | Literary criticism |
| Geographic subdivision | Philippines. |
| 700 1# - ADDED ENTRY--PERSONAL NAME | |
| Personal name | Geronimo, Jonathan V. |
| Relator term | author. |
| 700 1# - ADDED ENTRY--PERSONAL NAME | |
| Personal name | Orpeza, Jenice G. |
| Relator term | author |
| 710 2# - ADDED ENTRY--CORPORATE NAME | |
| Corporate name or jurisdiction name as entry element | Mutya Publishing House, Inc. |
| Relator term | publisher |
| 942 ## - ADDED ENTRY ELEMENTS (KOHA) | |
| Source of classification or shelving scheme | Dewey Decimal Classification |
| Koha item type | Filipiniana |
| Withdrawn status | Source of classification or shelving scheme | Damaged status | Not for loan | Home library | Current library | Shelving location | Date acquired | Total Checkouts | Full call number | Barcode | Date last seen | Price effective from | Koha item type |
|---|---|---|---|---|---|---|---|---|---|---|---|---|---|
| Dewey Decimal Classification | Pililla College Library | Pililla College Library | Filipiniana Section | 03/21/2025 | 306.47 B4564 2023 | URSPIL-7258 | 03/21/2025 | 03/21/2025 | Filipiniana | ||||
| Dewey Decimal Classification | Pililla College Library | Pililla College Library | Filipiniana Section | 02/10/2026 | 306.47 B4564 2023 | URSPIL-7432 | 02/10/2026 | 02/10/2026 | Filipiniana | ||||
| Dewey Decimal Classification | Pililla College Library | Pililla College Library | Filipiniana Section | 02/10/2026 | 306.47 B4564 2023 | URSPIL-7431 | 02/10/2026 | 02/10/2026 | Filipiniana | ||||
| Library of Congress Classification | Tanay College Library | Tanay College Library | Reserve Section | 12/27/2024 | DS 663 B4564 2023 | URSTAN-N5383 | 02/13/2025 | 02/13/2025 | Filipiniana | ||||
| Library of Congress Classification | Tanay College Library | Tanay College Library | Reserve Section | 12/27/2024 | DS 663 B4564 2023 | URSTAN-N5384 | 02/13/2025 | 02/13/2025 | Filipiniana | ||||
| Library of Congress Classification | Tanay College Library | Tanay College Library | Reserve Section | 12/27/2024 | DS 663 B4564 2023 | URSTAN-N5385 | 02/13/2025 | 02/13/2025 | Filipiniana |